Pump Handbook (Record no. 3066)

000 -LEADER
fixed length control field 00373nam a2200145Ia 4500
008 - FIXED-LENGTH DATA ELEMENTS--GENERAL INFORMATION
fixed length control field 200103s 1986 ||||xx |||||||||||||| ||und||
020 ## - INTERNATIONAL STANDARD BOOK NUMBER
International Standard Book Number 9780071005272,
082 ## - DEWEY DECIMAL CLASSIFICATION NUMBER
Classification number 621.67
Item number KAR
100 ## - MAIN ENTRY--PERSONAL NAME
Personal name Karassik, Igor J.
245 #0 - TITLE STATEMENT
Title Pump Handbook
250 ## - EDITION STATEMENT
Edition statement 2nd Ed.
260 ## - PUBLICATION, DISTRIBUTION, ETC. (IMPRINT)
Name of publisher, distributor, etc McGraw-Hill Book Company
Date of publication, distribution, etc 1986
Place of publication, distribution, etc New York
300 ## - PHYSICAL DESCRIPTION
Extent xxi, A.32-A.38p.
942 ## - ADDED ENTRY ELEMENTS (KOHA)
Item type Books
Holdings
Withdrawn status Lost status Source of classification or shelving scheme Damaged status Not for loan Collection code Permanent location Current location Shelving location Date acquired Full call number Barcode Date last seen Koha item type Public note
          Non-fiction IMU-MPC Library IMU-MPC Library General Stacks 2020-01-08 621.67 KAR LBSD2026 2025-03-17 Books Column-3
Copyright © 2021 Indian Maritime University, Mumbai Port Campus. All Rights Reserved. Managed & Maintained by Central Library, IMU-Mumbai

webs counters

Powered by Koha